Statistics for Capital Mad Gabs

Click here to take the quiz!

General Stats

  • This quiz has been taken 118 times
  • The average score is 8 of 16

Answer Stats

HintAnswer% Correct
Tear AnnaTirana
92%
RobotRabat
81%
Brady SlavicBratislava
72%
You learn betterUlaan Baatar
66%
VillanyusVilnius
66%
Car tow 'emKhartoum
61%
LoubeeAnaLjubljana
61%
BAM and Co.Bamako
59%
Tar is SolemnDar Es Salaam
59%
Lie long weighLilongwe
55%
The Goosy GulperTegucigalpa
53%
Coat uh newCotonou
31%
Up Here(With British Accent)Apia
30%
GabuhwrongeGaborone
18%
Neigh pee DuhNaypyidaw
15%
Blue fountainBloemfontein
14%

Score Distribution

Percentile by Number Answered

Percent of People with Each Score

Your Score History

You have not taken this quiz